Types of dictionaries, struture and functions (Запис № 285424)
[ простий вигляд ]
| 000 -LEADER | |
|---|---|
| fixed length control field | 01184nam a22001577a 4500 |
| 041 ## - LANGUAGE CODE | |
| Language code of text/sound track or separate title | ukr |
| 080 ## - UNIVERSAL DECIMAL CLASSIFICATION NUMBER | |
| Universal Decimal Classification number | 09 |
| 090 ## - LOCALLY ASSIGNED LC-TYPE CALL NUMBER (OCLC); LOCAL CALL NUMBER (OCLC) | |
| Local cutter number (OCLC) ; Book number/undivided call number, CALL (RLIN) | ЧАТ |
| 100 ## - MAIN ENTRY--PERSONAL NAME | |
| Personal name | Чаттопадхай, Т. |
| 245 ## - TITLE STATEMENT | |
| Title | Types of dictionaries, struture and functions |
| 260 ## - PUBLICATION, DISTRIBUTION, ETC. (IMPRINT) | |
| Place of publication, distribution, etc | Острог |
| Name of publisher, distributor, etc | КАФ |
| Date of publication, distribution, etc | 2014 |
| 300 ## - PHYSICAL DESCRIPTION | |
| Extent | 62 |
| 520 ## - SUMMARY, ETC. | |
| Summary, etc | Introduction.<br/>1. What is Lexicography?<br/>2. Dictionaries and encyclopedias<br/>3. Types of dictionary<br/>4. Component parts of the dictionary<br/>5. Dictionaries in Applied Linguistics<br/>6. Dictionaries in Second/Foreign Language. Teaching and Learning<br/>7. Main types of English dictionaries<br/>8. Etymological survey of English vocabulary<br/>9. Ways of replenishment Modern English vocabulary. A. Assimilation of Borrowings<br/>10. Ways of replenishment Modern English vocabulary. B. Semantic extension<br/>11. Homonymy<br/>12. The structure of the English word and the English word-formation<br/>13. Word formation: Affixation. Prefixation<br/>14. Suffixation<br/>15. Conversion<br/>16. Word composition<br/>17. Paradigmatic relations between words in English: Hyponymy, Antonymy and Semantic fields<br/>18. Word groups<br/>19. Phraseology<br/>References. |
| -- | Lexicography, dictionary, vocabulary |
| 650 ## - SUBJECT ADDED ENTRY--TOPICAL TERM | |
| Topical term or geographic name as entry element | Research Papers |
| 942 ## - ADDED ENTRY ELEMENTS (KOHA) | |
| Koha item type | Книги |
| Withdrawn status | Lost status | Source of classification or shelving scheme | Damaged status | Not for loan | Home library | Current library | Date acquired | Source of acquisition | Cost, normal purchase price | Total Checkouts | Full call number | Barcode | Date last seen | Price effective from | Koha item type |
|---|---|---|---|---|---|---|---|---|---|---|---|---|---|---|---|
| Universal Decimal Classification | ВІЛ - Відділ іноземн. літератури НБ | ВІЛ - Відділ іноземн. літератури НБ | 17/06/2014 | Акт №8 | 1.00 | 09 | 215508 | 09/11/2021 | 17/06/2014 | Книги |